| 000 | 00844nam a22002177a 4500 | ||
|---|---|---|---|
| 999 |
_c6808 _d6808 |
||
| 003 | AR-CdUCM | ||
| 008 | 190319b ||||| |||| 00| 0 spa d | ||
| 040 |
_aMUNICIPALIDAD PROVINCIAL DEL CUSCO _cBIBLIOTECA MUNICIPAL DEL CUSCO |
||
| 082 |
_a624 / _bL21 |
||
| 100 |
_aLambe, T. William _919179 |
||
| 245 | _aMecánica de Suelos / | ||
| 260 |
_aMéxico : _bLimusa , _c1976. |
||
| 300 |
_a582 páginas ; _c28.2 cm. |
||
| 505 | _aContenido : Parte 1.- Introduccion Parte 2.- La Naturaleza del Suelo 3.- El suelo seco 4.- Suelo con Agua - Regimen Estatico o flujo establecido 5.- Suelos con flujo de agua en regimen variable... | ||
| 650 |
_aMecanica de Suelos _919180 |
||
| 650 |
_aIngenieria Civil _919181 |
||
| 650 |
_aMorfologia y Tecnologia de suelos _919182 |
||
| 700 |
_aWhitman V. , Roberth _919183 |
||
| 942 |
_2ddc _cLIBROS |
||
| 945 | _artm | ||